<?xml version="1.0" encoding="UTF-8"?>
<record
    xmlns:xsi="http://www.w3.org/2001/XMLSchema-instance"
    xsi:schemaLocation="http://www.loc.gov/MARC21/slim http://www.loc.gov/standards/marcxml/schema/MARC21slim.xsd"
    xmlns="http://www.loc.gov/MARC21/slim">

  <leader>01532cam a22003011i 4500</leader>
  <controlfield tag="003">SA_RiAUC</controlfield>
  <controlfield tag="005">20250415064715.0</controlfield>
  <controlfield tag="008">250415s2011    le     g      000 0 ara c</controlfield>
  <datafield tag="040" ind1=" " ind2=" ">
    <subfield code="a">SA-JeALM</subfield>
    <subfield code="b">ara</subfield>
    <subfield code="c">SA-RiAUC</subfield>
    <subfield code="e">rda</subfield>
  </datafield>
  <datafield tag="082" ind1="0" ind2="4">
    <subfield code="a">237.6</subfield>
    <subfield code="q">SA-RiAUC</subfield>
  </datafield>
  <datafield tag="090" ind1=" " ind2=" ">
    <subfield code="a">237.6  </subfield>
    <subfield code="b">  &#x643; &#x648; &#x643;</subfield>
  </datafield>
  <datafield tag="245" ind1="0" ind2="2">
    <subfield code="a">&#x627;&#x644;&#x643;&#x648;&#x643;&#x628; &#x627;&#x644;&#x645;&#x646;&#x64A;&#x631; &#x627;&#x644;&#x633;&#x627;&#x631;&#x64A; &#x641;&#x64A; &#x627;&#x644;&#x627;&#x62A;&#x635;&#x627;&#x644; &#x628;&#x635;&#x62D;&#x64A;&#x62D; &#x648;&#x62B;&#x644;&#x627;&#x62B;&#x64A;&#x627;&#x62A; &#x627;&#x644;&#x628;&#x62E;&#x627;&#x631;&#x64A; &#x648;&#x641;&#x64A;&#x647; &#x633;&#x64A;&#x627;&#x642; &#x648;&#x62A;&#x631;&#x627;&#x62C;&#x645; &#x634;&#x64A;&#x648;&#x62E; &#x627;&#x644;&#x639;&#x635;&#x631; &#x625;&#x644;&#x649; &#x627;&#x644;&#x62C;&#x627;&#x645;&#x639; &#x627;&#x644;&#x635;&#x62D;&#x64A;&#x62D; &#x645;&#x639;&#x647; &#x645;&#x62A;&#x646; &#x627;&#x644;&#x62B;&#x644;&#x627;&#x62B;&#x64A;&#x627;&#x62A; /</subfield>
    <subfield code="c">&#x62A;&#x62E;&#x631;&#x64A;&#x62C; &#x645;&#x62D;&#x645;&#x62F; &#x628;&#x646; &#x646;&#x627;&#x635;&#x631; &#x627;&#x644;&#x639;&#x62C;&#x645;&#x64A;. </subfield>
  </datafield>
  <datafield tag="250" ind1=" " ind2=" ">
    <subfield code="a">&#x627;&#x644;&#x637;&#x628;&#x639;&#x629; &#x627;&#x644;&#x623;&#x648;&#x644;&#x649;.</subfield>
  </datafield>
  <datafield tag="264" ind1=" " ind2="1">
    <subfield code="a">&#x628;&#x64A;&#x631;&#x648;&#x62A; :</subfield>
    <subfield code="b">&#x62F;&#x627;&#x631; &#x627;&#x644;&#x628;&#x634;&#x627;&#x626;&#x631; &#x627;&#x644;&#x625;&#x633;&#x644;&#x627;&#x645;&#x64A;&#x629;&#x60C;</subfield>
    <subfield code="c">2011</subfield>
  </datafield>
  <datafield tag="300" ind1=" " ind2=" ">
    <subfield code="a">182 &#x635;&#x641;&#x62D;&#x629; &#x61B;</subfield>
    <subfield code="c">24 &#x633;&#x645;</subfield>
  </datafield>
  <datafield tag="336" ind1=" " ind2=" ">
    <subfield code="a">&#x646;&#x635;</subfield>
    <subfield code="b">txt</subfield>
    <subfield code="2">rdacontent</subfield>
    <subfield code="3">&#x643;&#x62A;&#x627;&#x628;</subfield>
  </datafield>
  <datafield tag="337" ind1=" " ind2=" ">
    <subfield code="a">&#x628;&#x62F;&#x648;&#x646; &#x648;&#x633;&#x64A;&#x637;</subfield>
    <subfield code="b">n</subfield>
    <subfield code="2">rdamedia</subfield>
  </datafield>
  <datafield tag="338" ind1=" " ind2=" ">
    <subfield code="a">&#x645;&#x62C;&#x644;&#x62F;</subfield>
    <subfield code="b">nc</subfield>
    <subfield code="2">rdacarrier</subfield>
  </datafield>
  <datafield tag="501" ind1=" " ind2=" ">
    <subfield code="a">&#x645;&#x639;&#x647; : &#x645;&#x62A;&#x646; &#x627;&#x644;&#x62B;&#x644;&#x627;&#x62B;&#x64A;&#x627;&#x62A;.</subfield>
  </datafield>
  <datafield tag="650" ind1=" " ind2="7">
    <subfield code="a">&#x627;&#x644;&#x62D;&#x62F;&#x64A;&#x62B;</subfield>
    <subfield code="x">&#x645;&#x633;&#x62A;&#x62E;&#x631;&#x62C;&#x627;&#x62A;</subfield>
    <subfield code="2">aucsh</subfield>
  </datafield>
  <datafield tag="700" ind1="1" ind2=" ">
    <subfield code="a">&#x627;&#x644;&#x639;&#x62C;&#x645;&#x64A;&#x60C; &#x645;&#x62D;&#x645;&#x62F; &#x628;&#x646; &#x646;&#x627;&#x635;&#x631;</subfield>
    <subfield code="e">&#x645;&#x62E;&#x631;&#x62C; &#x623;&#x62D;&#x627;&#x62F;&#x64A;&#x62B;.</subfield>
  </datafield>
  <datafield tag="700" ind1="1" ind2="2">
    <subfield code="a">&#x627;&#x644;&#x628;&#x62E;&#x627;&#x631;&#x64A;&#x60C; &#x645;&#x62D;&#x645;&#x62F; &#x628;&#x646; &#x625;&#x633;&#x645;&#x627;&#x639;&#x64A;&#x644; &#x628;&#x646; &#x625;&#x628;&#x631;&#x627;&#x647;&#x64A;&#x645;&#x60C;</subfield>
    <subfield code="d">194-256 &#x647;&#x62C;&#x631;&#x64A;</subfield>
  </datafield>
  <datafield tag="740" ind1="0" ind2="2">
    <subfield code="a">&#x635;&#x62D;&#x64A;&#x62D; &#x627;&#x644;&#x628;&#x62E;&#x627;&#x631;&#x64A;&#x60C; &#x627;&#x644;&#x645;&#x633;&#x645;&#x649;&#x60C; &#x627;&#x644;&#x62C;&#x627;&#x645;&#x639; &#x627;&#x644;&#x635;&#x62D;&#x64A;&#x62D; &#x627;&#x644;&#x645;&#x633;&#x646;&#x62F; &#x645;&#x646; &#x62D;&#x62F;&#x64A;&#x62B; &#x631;&#x633;&#x648;&#x644; &#x627;&#x644;&#x644;&#x647; &#x648;&#x633;&#x646;&#x646;&#x647; &#x648;&#x623;&#x64A;&#x627;&#x645;&#x647;.</subfield>
  </datafield>
  <datafield tag="740" ind1="2" ind2="2">
    <subfield code="a">&#x627;&#x644;&#x62C;&#x627;&#x645;&#x639; &#x627;&#x644;&#x635;&#x62D;&#x64A;&#x62D; &#x627;&#x644;&#x645;&#x633;&#x646;&#x62F; &#x645;&#x646; &#x62D;&#x62F;&#x64A;&#x62B; &#x631;&#x633;&#x648;&#x644; &#x627;&#x644;&#x644;&#x647; &#x648;&#x633;&#x646;&#x646;&#x647; &#x648;&#x623;&#x64A;&#x627;&#x645;&#x647;.</subfield>
  </datafield>
  <datafield tag="740" ind1="0" ind2=" ">
    <subfield code="a">&#x645;&#x62A;&#x646; &#x627;&#x644;&#x62B;&#x644;&#x627;&#x62B;&#x64A;&#x627;&#x62A;.</subfield>
  </datafield>
  <datafield tag="942" ind1=" " ind2=" ">
    <subfield code="2">ddc</subfield>
    <subfield code="c">BOOK</subfield>
    <subfield code="n">0</subfield>
  </datafield>
  <datafield tag="949" ind1=" " ind2=" ">
    <subfield code="a">SA-JeALM</subfield>
    <subfield code="d">250415</subfield>
    <subfield code="u">mohamedma123</subfield>
    <subfield code="n">1</subfield>
  </datafield>
  <datafield tag="952" ind1=" " ind2=" ">
    <subfield code="0">0</subfield>
    <subfield code="1">0</subfield>
    <subfield code="2">ddc</subfield>
    <subfield code="4">0</subfield>
    <subfield code="7">0</subfield>
    <subfield code="a">WAHAB</subfield>
    <subfield code="b">WAHAB</subfield>
    <subfield code="d">2025-04-15</subfield>
    <subfield code="l">0</subfield>
    <subfield code="o">237.6  &#x643; &#x648; &#x643;</subfield>
    <subfield code="p">000011720</subfield>
    <subfield code="r">2025-04-15 06:47:36</subfield>
    <subfield code="w">2025-04-15</subfield>
    <subfield code="y">BOOK</subfield>
  </datafield>
  <datafield tag="999" ind1=" " ind2=" ">
    <subfield code="c">7049</subfield>
    <subfield code="d">7049</subfield>
  </datafield>
</record>
